Southville International School and Colleges
Your cart is empty.
  • Cart
  • Lists
    Public lists Eva Luna New books Lux_list list_1
    Your lists Log in to create your own lists
  • Log in to your account
  • Your cookies
  • Search history
Southville International School and Colleges
  • Advanced search
  • Recent comments
  • Most popular
  • Libraries

Log in to your account

Log in with GOOGLE


If you do not have an external account, but do have a local account, you can still log in:

  1. Home
  2. MARC view: Bear hugs :
Normal view MARC view ISBD view

Bear hugs : (Record no. 113031)

[ view plain ]
MARC details
000 -LEADER
fixed length control field 00722nam a2200205 a 4500
001 - CONTROL NUMBER
control field 4114
005 - DATE AND TIME OF LATEST TRANSACTION
control field 20140414131959.0
008 - FIXED-LENGTH DATA ELEMENTS--GENERAL INFORMATION
fixed length control field 090206s19uu xx 00 eng d
020 ## - INTERNATIONAL STANDARD BOOK NUMBER
International Standard Book Number 0-439-85487-3
050 ## - LIBRARY OF CONGRESS CALL NUMBER
Classification number TR
Item number B38 2006
100 ## - MAIN ENTRY--PERSONAL NAME
Personal name Wilson, Karma
245 ## - TITLE STATEMENT
Title Bear hugs :
Statement of responsibility, etc Karma Wilson ; [illustrated by] Suzanne Watts.
Remainder of title romantically ridiculous animal rhymes /
260 ## - PUBLICATION, DISTRIBUTION, ETC. (IMPRINT)
Place of publication, distribution, etc New York :
Name of publisher, distributor, etc Scholastic,
Date of publication, distribution, etc 2006.
300 ## - PHYSICAL DESCRIPTION
Extent 1 v. (unpaged) : col. ill. ; 2
520 ## - SUMMARY, ETC.
Summary, etc A collection of eighteen short poems celebrating love and friendship between animals, from cats and sheep to giraffees and crocodiles
650 ## - SUBJECT ADDED ENTRY--TOPICAL TERM
Topical term or geographic name as entry element Animals
General subdivision Fiction.
700 ## - ADDED ENTRY--PERSONAL NAME
Personal name Wattes, Suzanne, ill.
Holdings
Withdrawn status Lost status Damaged status Use restrictions Home library Current library Shelving location Date acquired Source of acquisition Cost, normal purchase price Total Checkouts Full call number Barcode Date last seen Price effective from Koha item type
        Munich Library Munich Library Teachers Reference Section 02/06/2009   125.00   TR B38 2006 M4497 04/14/2014 04/14/2014 Books
        Munich Library Munich Library Teachers Reference Section 02/14/2011   125.00   TR B38 2006 M4496 04/14/2014 04/14/2014 Books

Bear hugs :

APA

Wilson K., Wattes S. i., . (2006). Bear hugs. New York: Scholastic.

Chicago

Wilson Karma, Wattes Suzanne ill, . 2006. Bear hugs. New York: Scholastic.

Harvard

Wilson K., Wattes S. i., . (2006). Bear hugs. New York: Scholastic.

MLA

Wilson Karma, Wattes Suzanne ill, . Bear hugs. New York: Scholastic. 2006.

  • Place hold
  • Print
  • Cite
  • Add to your cart (remove)
  • Save record
    BIBTEX Dublin Core MARCXML MARC (non-Unicode/MARC-8) MARC (Unicode/UTF-8) MARC (Unicode/UTF-8, Standard) MODS (XML) RIS
  • More searches
    Search for this title in:
    Other Libraries (WorldCat) Other Databases (Google Scholar) Online Stores (Bookfinder.com) Open Library (openlibrary.org)

Exporting to Dublin Core...

SOUTHVILLE LIBRARY

Southville International School and Colleges Library

1281 Tropical Ave. Cor. Luxembourg St., BF Homes International, Las Pinas City

Tel. No. 8256374 / 252358 Loc. 117/146

Powered by Koha